[Event "Fagernes Chess International 2014"]
[Site "Fagernes"]
[Date "2014.04.13"]
[Round "5"]
[White "Ali, Karim"]
[Black "Juriloo, Karl"]
[Result "0-1"]
[WhiteElo "1797"]
[BlackElo "1409"]
[PlyCount "140"]
[EventDate "2014.??.??"]

1. b3 Nf6 2. Bb2 g6 3. Nf3 Bg7 4. g3 O-O 5. Bg2 d5 6. O-O c6 7. d3 Bf5 8. Nbd2
Qc8 9. Re1 Bh3 10. Bh1 Nbd7 11. Rc1 Re8 12. c4 e5 13. cxd5 Nxd5 14. Ng5 N7b6
15. Nxh3 Qxh3 16. Bg2 Qd7 17. a4 Rad8 18. Ne4 Bf8 19. a5 Na8 20. Qc2 Bb4 21.
Bc3 Bxc3 22. Nxc3 Nac7 23. Ne4 Na6 24. Nc5 Nxc5 25. Qxc5 a6 26. Rc4 Nc7 27.
Rcc1 Nb5 28. Qe3 Nd4 29. b4 f6 30. f3 Kg7 31. Qf2 Qe7 32. e3 Nb5 33. Bf1 Na3
34. Rc5 Nb5 35. Qc2 Nc7 36. Kf2 Rd6 37. Rd1 h5 38. Rc4 Rd5 39. Qc1 Red8 40. f4
e4 41. Rxe4 Qxe4 42. dxe4 Rxd1 43. Qc4 Nb5 44. Qe6 Nc3 45. Qe7+ Kh6 46. Bc4
R1d7 47. Qe6 Rd6 48. Qe7 Nd1+ 49. Kf3 Rd2 50. Be2 Nc3 51. Bf1 Nd1 52. g4 hxg4+
53. Kg3 Nxe3 54. Qxf6 Nxf1+ 55. Kxg4 Nxh2+ 56. Kh4 R2d6 57. Qg5+ Kg7 58. Qe7+
Kg8 59. e5 R6d7 60. Qe6+ Kh7 61. Kg5 Nf3+ 62. Kg4 Nd4 63. Qf6 Nf5 64. Kg5 Rg8
65. Qe6 Rd3 66. Qf7+ Rg7 67. Qe8 Rdd7 68. e6 Rde7 69. Qc8 Nd4 70. Qf8 Nxe6+
0-1

[Event "Fagernes Chess International 2014"]
[Site "Fagernes"]
[Date "2014.04.13"]
[Round "5"]
[White "Mossin, Ivar Alexander"]
[Black "Berntsen-Øybø, August"]
[Result "0-1"]
[WhiteElo "1847"]
[BlackElo "1545"]
[PlyCount "54"]
[EventDate "2014.??.??"]

1. e4 c5 2. Nf3 Nc6 3. d4 cxd4 4. Nxd4 Nf6 5. Nc3 e5 6. Ndb5 d6 7. Bg5 a6 8.
Na3 b5 9. Nd5 Be7 10. Bxf6 Bxf6 11. c3 O-O 12. Nc2 Bg5 13. a4 Rb8 14. axb5 axb5
15. Ncb4 Nxb4 16. cxb4 f5 17. f3 fxe4 18. fxe4 Bh6 19. g3 Qg5 20. Bg2 Bg4 21.
Qd3 Rbc8 22. Nc3 Be6 23. Rf1 Bc4 24. Rxf8+ Rxf8 25. Qc2 Qe3+ 26. Ne2 Bb3 27.
Qc1 Qf2#
0-1

[Event "Fagernes Chess International 2014"]
[Site "Fagernes"]
[Date "2014.04.13"]
[Round "5"]
[White "Landsverk, Ida"]
[Black "Lien, Johan"]
[Result "0-1"]
[WhiteElo "1160"]
[BlackElo "1410"]
[PlyCount "106"]
[EventDate "2014.??.??"]

1. e4 e5 2. Nc3 Nf6 3. f4 Nc6 4. fxe5 Nxe5 5. d4 Nc6 6. e5 Ng8 7. Nf3 d6 8.
exd6 Bxd6 9. Bc4 Bg4 10. O-O Nxd4 11. Kh1 Nxf3 12. Qd5 Be6 13. Qxf3 Bxc4 14.
Qe4+ Be6 15. b3 Nf6 16. Qxb7 O-O 17. Bg5 h6 18. Bxf6 gxf6 19. Qf3 f5 20. Qh3
Qg5 21. Rae1 Bb4 22. Re2 Bxc3 23. Qxc3 Qg4 24. Ref2 Rad8 25. Rf3 Rd7 26. Rg3
Qxg3 27. Qxg3+ Kh7 28. h3 Rfd8 29. Rf4 Rg8 30. Qf3 Rd2 31. g4 Bd5 32. Qxd5 Rxd5
33. gxf5 Rd2 34. Rg4 Re8 35. Rg1 Re3 36. Rg4 f6 37. Rg6 Re1+ 38. Rg1 Rxg1+ 39.
Kxg1 Rxc2 40. a4 a5 41. h4 Rb2 42. h5 Rxb3 43. Kg2 Rb4 44. Kg3 Rxa4 45. Kf3 Rc4
46. Ke3 a4 47. Kd3 Rc6 48. Kd4 a3 49. Kd5 Rc1 50. Ke6 a2 51. Kxf6 a1=Q+ 52. Kf7
Qg7+ 53. Ke6 Re1+
0-1

[Event "Fagernes Chess International 2014"]
[Site "Fagernes"]
[Date "2014.04.13"]
[Round "5"]
[White "Wærstad, Leif E"]
[Black "Lien, Kjell Håkon"]
[Result "0-1"]
[WhiteElo "1560"]
[BlackElo "2050"]
[PlyCount "86"]
[EventDate "2014.??.??"]

1. Nf3 c5 2. c4 Nc6 3. Nc3 e5 4. g3 d6 5. Bg2 Be6 6. b3 Be7 7. Bb2 Qd7 8. Nd5
Bd8 9. O-O Bh3 10. d3 h5 11. Qd2 Bxg2 12. Kxg2 h4 13. Ng1 Qf5 14. e4 Qh7 15. g4
h3+ 16. Kh1 Nf6 17. f3 Nxd5 18. cxd5 Ne7 19. f4 exf4 20. Qxf4 Qg6 21. Rf3 Bc7
22. Rxh3 O-O-O 23. Rf1 f6 24. Rff3 Rhg8 25. Ne2 Qe8 26. d4 Qb5 27. Nc3 Qa6 28.
a4 Kb8 29. Nb5 cxd4 30. Bxd4 Bb6 31. Bxb6 Qxb6 32. Rc3 a6 33. Nc7 Rc8 34. Ne6
Qb4 35. Rxc8+ Rxc8 36. Qe3 Qa3 37. Rg3 Ng6 38. Nxg7 Qa1+ 39. Rg1 Qb2 40. Nf5
Rc3 41. Qh6 Qe2 42. Ng3 Qf3+ 43. Rg2 Nf4
0-1

[Event "Fagernes Chess International 2014"]
[Site "Fagernes"]
[Date "2014.04.13"]
[Round "5"]
[White "Dybvik, Bjørn Noralf"]
[Black "Skjølingstad, Sverre"]
[Result "1-0"]
[WhiteElo "1284"]
[BlackElo "1073"]
[PlyCount "89"]
[EventDate "2014.??.??"]

1. c4 c5 2. Nc3 Nc6 3. g3 g6 4. Bg2 Bg7 5. Nf3 Nf6 6. O-O O-O 7. d3 d6 8. Bg5
a6 9. Rb1 Rb8 10. Bxf6 Bxf6 11. e3 Bg4 12. h3 Bxf3 13. Qxf3 Qa5 14. Qe2 Bxc3
15. bxc3 Qxc3 16. Rb3 Qa5 17. Rfb1 Nd8 18. Qb2 Re8 19. Ra3 Qc7 20. Rxa6 Nc6 21.
Ra3 Na5 22. Qb6 Qxb6 23. Rxb6 Ra8 24. Rb2 Kg7 25. Rc3 Kf6 26. a3 Ra7 27. f4 h5
28. h4 e5 29. Rf2 b6 30. fxe5+ Kxe5 31. Rf4 Ree7 32. Rc1 f5 33. Bd5 Rec7 34.
Kf2 Nc6 35. Bxc6 Rxc6 36. d4+ cxd4 37. exd4+ Kf6 38. d5 Rc5 39. Re1 Rc8 40.
Re6+ Kf7 41. Rxd6 Rca8 42. Rf3 Ra4 43. Rc6 Rd8 44. Rb3 Re8 45. d6
1-0

[Event "Fagernes Chess International 2014"]
[Site "Fagernes"]
[Date "2014.04.13"]
[Round "5"]
[White "Heitun, Odd Gunnar"]
[Black "Ghaderi, Arman K"]
[Result "0-1"]
[WhiteElo "1273"]
[BlackElo "1843"]
[PlyCount "80"]
[EventDate "2014.??.??"]

1. e4 c5 2. Nc3 d6 3. g3 Nc6 4. Bg2 Nf6 5. d3 g6 6. f4 Bg7 7. Nf3 O-O 8. O-O
Rb8 9. h3 Bd7 10. Be3 b5 11. Rb1 Qa5 12. a3 b4 13. axb4 Qxb4 14. e5 Nh5 15. Nd5
Qb7 16. Kh2 Be6 17. Ng5 dxe5 18. Nxe6 fxe6 19. Nxe7+ Qxe7 20. Bxc6 Qd6 21. Bf3
Nxg3 22. Rg1 exf4 23. Bc1 Qd4 24. Rg2 c4 25. b3 cxb3 26. cxb3 Rbd8 27. Ba3 Rf7
28. Qe1 Qb6 29. Qd1 Qe3 30. Rc1 Rxd3 31. Qc2 Rc3 32. Qd1 Qxf3 33. Qxf3 Rxf3 34.
Rc8+ Bf8 35. Rgc2 Rxb3 36. Bd6 Nf1+ 37. Kg1 Ne3 38. Rf2 Nd5 39. Be5 a5 40. Ra8
a4
0-1

[Event "Fagernes Chess International 2014"]
[Site "Fagernes"]
[Date "2014.04.13"]
[Round "5"]
[White "Larsen, Per Magnus"]
[Black "Merkesvik, Amalie Isabel"]
[Result "0-1"]
[WhiteElo "1023"]
[BlackElo "1521"]
[PlyCount "76"]
[EventDate "2014.??.??"]

1. d4 d5 2. c4 e6 3. Nc3 Nf6 4. Nf3 Bb4 5. a3 Be7 6. e3 Nc6 7. cxd5 exd5 8. Bd3
a6 9. O-O Bg4 10. Be2 O-O 11. Rb1 Ne4 12. Qc2 Nxc3 13. bxc3 Rb8 14. Re1 Qd7 15.
Nd2 Bxe2 16. Rxe2 Bg5 17. Nb3 b6 18. Qd3 Ne7 19. Nd2 Nf5 20. Nf3 Be7 21. e4
dxe4 22. Rxe4 Nd6 23. Re2 Rbe8 24. Ne5 Qc8 25. Qg3 Nf5 26. Qg4 Nd6 27. Qf3 Bf6
28. Ng4 Rxe2 29. Nxf6+ gxf6 30. Qxe2 Re8 31. Qd1 Nf5 32. g4 Nh4 33. Bh6 Re1+
34. Qxe1 Qxg4+ 35. Kf1 Qg2+ 36. Ke2 Qe4+ 37. Kd1 Qxb1+ 38. Kd2 Nf3+
0-1

[Event "Fagernes Chess International 2014"]
[Site "Fagernes"]
[Date "2014.04.13"]
[Round "5"]
[White "Dahl, Trygve"]
[Black "Ayzenberg, Alena"]
[Result "1-0"]
[WhiteElo "1867"]
[BlackElo "1929"]
[PlyCount "91"]
[EventDate "2014.??.??"]

1. e4 c6 2. d4 d5 3. Nc3 dxe4 4. Nxe4 Nf6 5. Nxf6+ exf6 6. Nf3 Bd6 7. Bd3 Qe7+
8. Be3 Bf4 9. Qd2 Bg4 10. O-O Bxe3 11. fxe3 O-O 12. Rae1 Qd6 13. Qf2 Bh5 14.
Nh4 Bg6 15. Nf5 Bxf5 16. Qxf5 g6 17. Qxf6 Qxf6 18. Rxf6 Nd7 19. Rf4 Nb6 20. e4
Rad8 21. c3 Kg7 22. Ref1 Na4 23. R4f2 f6 24. g4 b5 25. a3 Nb6 26. h4 a5 27. h5
b4 28. axb4 axb4 29. h6+ Kxh6 30. Rxf6 Rxf6 31. Rxf6 Na4 32. Bc2 Nxb2 33. Rxc6
bxc3 34. d5 Kg5 35. Kf2 Kxg4 36. Ke3 g5 37. d6 h5 38. e5 h4 39. e6 h3 40. e7
Re8 41. Kf2 h2 42. Kg2 Rh8 43. Kh1 Kg3 44. d7 Ra8 45. Rxc3+ Kf2 46. d8=Q
1-0

[Event "Fagernes Chess International 2014"]
[Site "Fagernes"]
[Date "2014.04.13"]
[Round "5"]
[White "Ødegaard, Karl Eirik"]
[Black "Dyrhaug, Sverre S"]
[Result "0-1"]
[WhiteElo "1257"]
[BlackElo "1574"]
[PlyCount "114"]
[EventDate "2014.??.??"]

1. c4 f5 2. d4 Nf6 3. Nf3 e6 4. Bg5 c6 5. Bxf6 Qxf6 6. e3 d5 7. Bd3 Bd6 8. O-O
O-O 9. Qc2 g5 10. Qc3 Nd7 11. g3 h5 12. c5 Bc7 13. Nbd2 Qg7 14. Kg2 Nf6 15. Ne5
Ne4 16. Bxe4 fxe4 17. f3 Bxe5 18. dxe5 exf3+ 19. Nxf3 Rf5 20. Nd4 Rxf1 21. Rxf1
Qxe5 22. Qc2 Qg7 23. Qf2 e5 24. Nb3 Bd7 25. Qf6 Rf8 26. Qxg7+ Kxg7 27. Re1 b6
28. Rc1 g4 29. Nd2 bxc5 30. Rxc5 Rb8 31. b3 Rb5 32. Rc3 d4 33. exd4 exd4 34.
Rc1 Re5 35. Kf2 d3 36. Re1 Rxe1 37. Kxe1 Kf6 38. Nc4 Kf5 39. Nd6+ Ke5 40. Nc4+
Kd4 41. Kd2 Be6 42. Ne3 c5 43. Ng2 c4 44. bxc4 Bxc4 45. a3 Bd5 46. Nf4 Be4 47.
Nxh5 Kc4 48. Nf4 Kb3 49. h4 gxh3 50. Nxh3 Kxa3 51. g4 a5 52. g5 Kb2 53. Nf4 a4
54. g6 Bxg6 55. Nxg6 a3 56. Ne5 a2 57. Nxd3+ Kb1
0-1

[Event "Fagernes Chess International 2014"]
[Site "Fagernes"]
[Date "2014.04.13"]
[Round "5"]
[White "Robertsen, Bjørn"]
[Black "Tangelder, Yonne"]
[Result "0-1"]
[WhiteElo "1185"]
[BlackElo "1829"]
[PlyCount "116"]
[EventDate "2014.??.??"]

1. e4 e5 2. Nf3 Nc6 3. Bb5 f5 4. Nc3 fxe4 5. Nxe4 Nf6 6. Nxf6+ Qxf6 7. O-O Be7
8. Qe2 O-O 9. Bxc6 bxc6 10. Qxe5 d6 11. Qxf6 Bxf6 12. d3 Rb8 13. Rb1 Bg4 14.
Nd2 d5 15. h3 Bh5 16. g4 Bf7 17. f4 Bd4+ 18. Kg2 Rfe8 19. Nf3 Re2+ 20. Kg3 Bc5
21. d4 Bd6 22. c3 c5 23. Re1 Rxe1 24. Nxe1 Bg6 25. Ra1 cxd4 26. cxd4 Rb4 27.
Nf3 Be4 28. b3 Bxf3 29. Ba3 Be4 30. Bxb4 Bxb4 31. Rc1 Bd6 32. g5 Kf7 33. Rf1
Ke6 34. Re1 Kf5 35. Rf1 Ba3 36. h4 g6 37. b4 Bxb4 38. a3 Bxa3 39. Ra1 Bd6 40.
Rxa7 Bxf4+ 41. Kh3 Bf3 42. Ra8 Bg4+ 43. Kg2 Ke4 44. Rh8 Kxd4 45. Rxh7 Bh5 46.
Rf7 Be5 47. Kf2 c5 48. Rh7 c4 49. Ke1 c3 50. Rxh5 gxh5 51. Kd1 Kd3 52. Kc1 c2
53. g6 Bf4+ 54. Kb2 c1=Q+ 55. Kb3 Qc4+ 56. Kb2 Bc1+ 57. Kb1 Qb3+ 58. Ka1 Qb2#
0-1

[Event "Fagernes Chess International 2014"]
[Site "Fagernes"]
[Date "2014.04.13"]
[Round "5"]
[White "Galinskyi, Mykhalo"]
[Black "Sundsbø, Sigve"]
[Result "1-0"]
[WhiteElo "1448"]
[BlackElo "1663"]
[PlyCount "73"]
[EventDate "2014.??.??"]

1. e4 e6 2. d4 d5 3. e5 c5 4. c3 Qb6 5. Nf3 Nc6 6. a3 a5 7. Be2 Bd7 8. O-O Nge7
9. Qd2 a4 10. dxc5 Qc7 11. Qe3 Ng6 12. Bb5 Ngxe5 13. Nxe5 Qxe5 14. Bxc6 Qxe3
15. Bxd7+ Kxd7 16. Bxe3 Be7 17. Rd1 Rhc8 18. c4 Bxc5 19. Bxc5 Rxc5 20. cxd5
Rxd5 21. Rxd5+ exd5 22. Nc3 Kc6 23. Rd1 Rd8 24. Nxa4 d4 25. b3 Kd5 26. f3 Ke5
27. Kf2 b5 28. Nb2 Rc8 29. Nd3+ Kd5 30. Rc1 Re8 31. Re1 Rc8 32. Re5+ Kc6 33.
Rc5+ Kd7 34. Rxc8 Kxc8 35. Kg3 Kd7 36. Kf4 Kd6 37. Ke4
1-0

[Event "Fagernes Chess International 2014"]
[Site "Fagernes"]
[Date "2014.04.13"]
[Round "5"]
[White "Sajjadi, Kimiya"]
[Black "Tallaksen, Henrik G"]
[Result "1/2-1/2"]
[WhiteElo "1503"]
[BlackElo "1743"]
[PlyCount "48"]
[EventDate "2014.??.??"]

1. d4 Nf6 2. c4 e6 3. Nc3 Bb4 4. e3 b6 5. Qf3 d5 6. a3 Bxc3+ 7. bxc3 Ba6 8. a4
Ne4 9. Bb2 Qf6 10. cxd5 exd5 11. Qxf6 Nxf6 12. Bxa6 Nxa6 13. Rc1 Ne4 14. c4 Nb4
15. Ke2 Nxf2 16. Kxf2 Nd3+ 17. Ke2 Nxc1+ 18. Bxc1 dxc4 19. Kd2 a6 20. Kc3 b5
21. Nf3 f6 22. Ba3 Kd7 23. d5 Rhe8 24. Re1 c6
1/2-1/2

[Event "Fagernes Chess International 2014"]
[Site "Fagernes"]
[Date "2014.04.13"]
[Round "5"]
[White "Skaug, Thorbjørn"]
[Black "Cerkezovic, Emir"]
[Result "0-1"]
[WhiteElo "1631"]
[BlackElo "1407"]
[PlyCount "54"]
[EventDate "2014.??.??"]

1. b4 d5 2. Bb2 Qd6 3. a3 e5 4. e3 Be6 5. Nf3 f6 6. d3 Nd7 7. Nbd2 c6 8. c4 Ne7
9. Be2 g5 10. c5 Qc7 11. Nb3 Ng6 12. h3 Be7 13. Nfd2 Rg8 14. Bg4 f5 15. Bh5 Bf6
16. Rb1 e4 17. d4 Ke7 18. g3 f4 19. Bg4 fxe3 20. Bxe6 exd2+ 21. Qxd2 Kxe6 22.
Qe3 Rae8 23. Kd2 Kf7 24. Rbf1 Kg7 25. Rhg1 Rgf8 26. Bc1 Be7 27. Kc3 Rf3
0-1

[Event "Fagernes Chess International 2014"]
[Site "Fagernes"]
[Date "2014.04.13"]
[Round "5"]
[White "Langvik, Ulrikke"]
[Black "Myhre, Mads Wollan"]
[Result "0-1"]
[WhiteElo "926"]
[BlackElo "1487"]
[PlyCount "58"]
[EventDate "2014.??.??"]

1. e4 e6 2. d4 d5 3. exd5 exd5 4. Nc3 Nf6 5. Bg5 c6 6. Bd3 Bd6 7. Nf3 h6 8. Bh4
O-O 9. O-O Bg4 10. Re1 Nbd7 11. Be2 Re8 12. Qd3 Qc7 13. Bg3 Bxg3 14. fxg3 Ne4
15. Qd1 Nxc3 16. bxc3 Nf6 17. Nd2 Bxe2 18. Rxe2 Rxe2 19. Qxe2 Re8 20. Qf1 Re3
21. c4 Qa5 22. Nb3 Qc3 23. cxd5 Nxd5 24. Rc1 a5 25. a4 Nb6 26. Nc5 Qxd4 27. Rd1
Rd3+ 28. Kh1 Rxd1 29. Qxd1 Qxd1#
0-1

[Event "Fagernes Chess International 2014"]
[Site "Fagernes"]
[Date "2014.04.13"]
[Round "5"]
[White "Mørkedal, Øyvind"]
[Black "Kizatbay, Abyl"]
[Result "1/2-1/2"]
[WhiteElo "1729"]
[BlackElo "1144"]
[PlyCount "38"]
[EventDate "2014.??.??"]

1. e4 c5 2. d4 cxd4 3. c3 Nf6 4. e5 Nd5 5. cxd4 Nc6 6. Nf3 d6 7. Bc4 Nb6 8. Bb3
g6 9. Ng5 d5 10. O-O h6 11. Nf3 Bg4 12. Be3 Nc4 13. Bxc4 dxc4 14. h3 Bf5 15.
Qa4 Bd3 16. Rd1 a6 17. Rxd3 b5 18. Qd1 cxd3 19. Qxd3 Qd7
1/2-1/2

[Event "Fagernes Chess International 2014"]
[Site "Fagernes"]
[Date "2014.04.13"]
[Round "5"]
[White "Kløfsrud, August Kristiansen"]
[Black "Gjertsen, Petter"]
[Result "1/2-1/2"]
[WhiteElo "1110"]
[BlackElo "1815"]
[PlyCount "85"]
[EventDate "2014.??.??"]

1. d4 Nf6 2. c4 e5 3. dxe5 Ng4 4. g3 Bc5 5. e3 Nxe5 6. Qd5 Qe7 7. b3 d6 8. Bb2
c6 9. Qe4 f5 10. Qc2 O-O 11. Nd2 Be6 12. Ngf3 Nbd7 13. h4 Ng4 14. h5 d5 15. Nd4
Rac8 16. N2f3 Bb4+ 17. Nd2 Nc5 18. a3 Bxd2+ 19. Qxd2 Ne4 20. Qc2 Ngxf2 21. Rh4
Bd7 22. Rf4 Qg5 23. Rxf2 Qxg3 24. Bd3 Qxe3+ 25. Qe2 Qxf2+ 26. Qxf2 Nxf2 27.
Kxf2 g6 28. Rg1 Kf7 29. Nf3 Rce8 30. hxg6+ hxg6 31. Ng5+ Ke7 32. a4 Kd8 33. Nh7
Rf7 34. Nf6 Re6 35. Rxg6 Ke7 36. Bxf5 Rexf6 37. Bxf6+ Rxf6 38. Rxf6 Kxf6 39.
Bxd7 dxc4 40. bxc4 Ke7 41. Bc8 b6 42. Ba6 Kd6 43. Ke3
1/2-1/2

[Event "Fagernes Chess International 2014"]
[Site "Fagernes"]
[Date "2014.04.13"]
[Round "6"]
[White "Flaata, Alexander R."]
[Black "Tangelder, Yonne"]
[Result "1-0"]
[WhiteElo "2111"]
[BlackElo "1829"]
[PlyCount "45"]
[EventDate "2014.??.??"]

1. e4 e5 2. Nf3 Nc6 3. Bc4 Bc5 4. c3 Nf6 5. d3 O-O 6. Bb3 a6 7. h3 d6 8. Bg5
Ba7 9. Nbd2 Kh8 10. Nf1 Ne7 11. Bxf6 gxf6 12. g4 b5 13. Ng3 Bb7 14. Nh5 Ng6 15.
Qd2 d5 16. Qh6 Rg8 17. exd5 Bc5 18. O-O-O Be7 19. Qe3 Bxd5 20. c4 Bb7 21. Rhe1
c5 22. Kb1 Nf8 23. Nxe5
1-0

[Event "Fagernes Chess International 2014"]
[Site "Fagernes"]
[Date "2014.04.13"]
[Round "6"]
[White "Kjølberg, Jens Hjorth"]
[Black "Bentsen, Håkon"]
[Result "1/2-1/2"]
[WhiteElo "2092"]
[BlackElo "2074"]
[PlyCount "105"]
[EventDate "2014.??.??"]

1. c4 e6 2. g3 d5 3. Nf3 Nf6 4. Bg2 Be7 5. O-O O-O 6. b3 b6 7. Bb2 Bb7 8. d4
Nbd7 9. Nbd2 Rc8 10. Ne5 c5 11. cxd5 Bxd5 12. e4 Bb7 13. Nxd7 Qxd7 14. dxc5
Bxc5 15. e5 Ne8 16. Ne4 Qxd1 17. Rfxd1 Bxe4 18. Bxe4 f5 19. Bd3 Nc7 20. a3 a5
21. Rd2 Rfd8 22. Rad1 Kf7 23. Kf1 Ke7 24. Ke2 Rd7 25. Bc4 Rcd8 26. Rxd7+ Rxd7
27. Rxd7+ Kxd7 28. a4 Kc6 29. f3 g6 30. Kd3 Nd5 31. Ke2 Nc7 32. h3 Be7 33. Bd4
Bg5 34. f4 Be7 35. Kf3 h5 36. Bc3 Bf8 37. Bd2 Bc5 38. Bc3 Bf8 39. g4 hxg4+ 40.
hxg4 Bc5 41. Be1 Be7 42. Bf2 Bd8 43. Kg3 Be7 44. Kh3 Bb4 45. gxf5 gxf5 46. Kh4
Nd5 47. Bxd5+ Kxd5 48. Bxb6 Bd2 49. Kg5 Ke4 50. Kf6 Kd5 51. Kg5 Ke4 52. Kf6 Kd5
53. Kg5
1/2-1/2

[Event "Fagernes Chess International 2014"]
[Site "Fagernes"]
[Date "2014.04.13"]
[Round "6"]
[White "Dahl, Trygve"]
[Black "Laverton, Christian"]
[Result "0-1"]
[WhiteElo "1867"]
[BlackElo "2080"]
[PlyCount "84"]
[EventDate "2014.??.??"]

1. d4 d5 2. Bg5 h6 3. Bh4 c5 4. e3 Qb6 5. b3 Nc6 6. c3 g5 7. Bg3 Bg7 8. Bd3
cxd4 9. exd4 Nxd4 10. cxd4 Qxd4 11. Na3 Qb4+ 12. Kf1 Qxa3 13. Rc1 Bd7 14. Rc7
Nf6 15. h4 g4 16. Ne2 O-O 17. Be5 Rfc8 18. Rxb7 Bc6 19. Rc7 Rxc7 20. Bxc7 Ne4
21. f3 gxf3 22. gxf3 Nc5 23. Rg1 Qb2 24. Bf4 Kf8 25. Bb1 Bb5 26. Bc2 Rd8 27.
Bd2 Qf6 28. Kf2 Qxh4+ 29. Rg3 d4 30. Bf5 Bd3 31. Bb4 Bxf5 32. Bxc5 Be5 33. f4
Bxf4 34. Nxf4 Qxf4+ 35. Kg2 Be4+ 36. Kh3 Qf5+ 37. Kh2 Qf2+ 38. Kh3 Bf5+ 39. Rg4
h5 40. Bxe7+ Kxe7 41. b4 hxg4+ 42. Qxg4 Rh8#
0-1

[Event "Fagernes Chess International 2014"]
[Site "Fagernes"]
[Date "2014.04.13"]
[Round "6"]
[White "Ghaderi, Arman K"]
[Black "Taksrud, Vidar"]
[Result "1-0"]
[WhiteElo "1843"]
[BlackElo "2052"]
[PlyCount "83"]
[EventDate "2014.??.??"]

1. e4 c6 2. d4 d5 3. Nd2 dxe4 4. Nxe4 Nf6 5. Nxf6+ gxf6 6. Bc4 Bf5 7. c3 Nd7 8.
Qb3 Bg7 9. Bxf7+ Kf8 10. Bh5 Bg6 11. Bxg6 hxg6 12. Qxb7 c5 13. Nf3 cxd4 14.
Nxd4 Nc5 15. Qb5 Rc8 16. Qxc5 Rxc5 17. Ne6+ Kf7 18. Nxd8+ Rxd8 19. Be3 Rb5 20.
Rb1 f5 21. Ke2 Rdb8 22. b3 Bxc3 23. Bxa7 Ra8 24. a4 Rb7 25. Kd3 Ba5 26. Bc5
Rd7+ 27. Kc4 Rc7 28. b4 Bb6 29. Kb5 Bxc5 30. bxc5 Rb7+ 31. Kc6 Rba7 32. Rb7
Ra6+ 33. Kd7 Rxa4 34. Rd1 Rc4 35. c6 Ra6 36. c7 Rac6 37. Kd8 Rc2 38. Rd7 Kf8
39. Rb8 Rxf2 40. c8=Q Rxc8+ 41. Rxc8 Re2 42. Rcc7
1-0

[Event "Fagernes Chess International 2014"]
[Site "Fagernes"]
[Date "2014.04.13"]
[Round "6"]
[White "Kizatbay, Abyl"]
[Black "Lien, Kjell Håkon"]
[Result "1/2-1/2"]
[WhiteElo "1144"]
[BlackElo "2050"]
[PlyCount "65"]
[EventDate "2014.??.??"]

1. e4 c5 2. Nf3 d6 3. d4 cxd4 4. Nxd4 Nf6 5. Nc3 a6 6. Be3 Ng4 7. Bg5 h6 8. Bh4
g5 9. Bg3 Bg7 10. h3 Ne5 11. Qd2 Nbc6 12. O-O-O Nxd4 13. Qxd4 Be6 14. f4 gxf4
15. Bxf4 Rg8 16. Qd2 h5 17. Nd5 Rc8 18. Kb1 Bh8 19. Qb4 b5 20. Ne3 Qc7 21. Rh2
Nc4 22. Bxc4 bxc4 23. c3 Qc6 24. Nd5 f5 25. g3 fxe4 26. Rhd2 Qb5 27. Qa3 Bxd5
28. Rxd5 Rc5 29. Rxc5 dxc5 30. Rd5 e5 31. Bxe5 Rg5 32. Rxc5 Qd7 33. Bd4
1/2-1/2

[Event "Fagernes Chess International 2014"]
[Site "Fagernes"]
[Date "2014.04.13"]
[Round "6"]
[White "Risting, Eivind Olav"]
[Black "Maloberti, David"]
[Result "0-1"]
[WhiteElo "1743"]
[BlackElo "2048"]
[PlyCount "104"]
[EventDate "2014.??.??"]

1. d4 Nf6 2. Bg5 e6 3. e4 d5 4. e5 h6 5. Bh4 g5 6. Bg3 Ne4 7. Bd3 Nxg3 8. hxg3
c5 9. c3 Nc6 10. Ne2 Qb6 11. Qb3 c4 12. Qxb6 axb6 13. Bc2 b5 14. b4 cxb3 15.
Bxb3 Na5 16. Nd2 b4 17. O-O b5 18. Rfb1 bxc3 19. Nxc3 Ba6 20. Bd1 b4 21. Na4
Rc8 22. Nb3 Nxb3 23. axb3 Rc6 24. Nc5 Bxc5 25. Rc1 Bxd4 26. Rxc6 Bxa1 27. Rxa6
Bxe5 28. Rb6 Bc3 29. Bh5 O-O 30. Rb7 d4 31. Be2 Rd8 32. Bd3 Ra8 33. Kf1 Ra2 34.
Rd7 Kg7 35. Bc4 Kf6 36. g4 Rd2 37. f3 Ra2 38. Bd3 Rb2 39. Bc4 Rd2 40. Bb5 Ke5
41. g3 f5 42. gxf5 Kxf5 43. Bc4 h5 44. Rh7 d3 45. Rd7 Rd1+ 46. Kf2 d2 47. Bd3+
Kf6 48. f4 gxf4 49. gxf4 h4 50. Kg2 Rg1+ 51. Kxg1 d1=Q+ 52. Kg2 Qg4+
0-1

[Event "Fagernes Chess International 2014"]
[Site "Fagernes"]
[Date "2014.04.13"]
[Round "6"]
[White "Kristiansen, Willy"]
[Black "Machlik, Endre"]
[Result "0-1"]
[WhiteElo "2017"]
[BlackElo "1790"]
[PlyCount "40"]
[EventDate "2014.??.??"]

1. d4 d5 2. c4 dxc4 3. e3 e5 4. Bxc4 exd4 5. exd4 Bd6 6. Nf3 Nf6 7. O-O O-O 8.
h3 Bf5 9. Bg5 Nbd7 10. Nc3 h6 11. Bh4 c6 12. Re1 Qc7 13. Qb3 b5 14. Bf1 g5 15.
Nxg5 hxg5 16. Bxg5 Rfe8 17. d5 Nc5 18. Rxe8+ Rxe8 19. Qd1 Nce4 20. Bxf6 Bh2+
0-1

[Event "Fagernes Chess International 2014"]
[Site "Fagernes"]
[Date "2014.04.13"]
[Round "6"]
[White "Hølleland, Sigve"]
[Black "Machlik, Monika"]
[Result "0-1"]
[WhiteElo "1871"]
[BlackElo "1976"]
[PlyCount "120"]
[EventDate "2014.??.??"]

1. c4 c5 2. Nf3 Nc6 3. d4 cxd4 4. Nxd4 g6 5. Nc3 Bg7 6. Nf3 Nf6 7. e4 d6 8. Be2
O-O 9. O-O b6 10. Rb1 Bb7 11. h3 Rc8 12. b4 Nd7 13. Nd5 Nde5 14. Nd2 Nd4 15.
Bb2 Nec6 16. Bg4 Ra8 17. b5 Nb8 18. Re1 Nd7 19. f4 Nc5 20. Nf1 Nde6 21. Bxg7
Nxg7 22. Ng3 Bc8 23. e5 Bxg4 24. Qxg4 Re8 25. Qh4 dxe5 26. Rbd1 Nd7 27. fxe5
Ne6 28. Ne4 Nef8 29. Qh6 Qc8 30. Ndf6+ exf6 31. exf6 Ne6 32. c5 Ndf8 33. c6 Rd8
34. Ng5 Rxd1 35. Rxd1 Qc7 36. Nxe6 Nxe6 37. Rd7 Qf4 38. Qxf4 Nxf4 39. Kf2 Ne6
40. Ke3 Kf8 41. Rb7 h6 42. Kd2 Kg8 43. Kc3 g5 44. Kb4 Kh7 45. Rxf7+ Kg6 46. Re7
Kxf6 47. Rh7 Kg6 48. Re7 Kf6 49. Rh7 h5 50. Rh6+ Kf5 51. g4+ hxg4 52. hxg4+ Ke5
53. a4 a5+ 54. bxa6 Rxa6 55. Rg6 Ra5 56. c7 Rc5 57. Rxg5+ Nxg5 58. a5 Rxc7 59.
axb6 Rc1 60. Kb5 Kd5
0-1

[Event "Fagernes Chess International 2014"]
[Site "Fagernes"]
[Date "2014.04.13"]
[Round "6"]
[White "Torgersen, Terje"]
[Black "Mørkedal, Øyvind"]
[Result "1-0"]
[WhiteElo "1970"]
[BlackElo "1729"]
[PlyCount "61"]
[EventDate "2014.??.??"]

1. e4 e5 2. Nf3 Nc6 3. Bb5 a6 4. Ba4 Nf6 5. d4 exd4 6. O-O Be7 7. e5 Ne4 8. Bb3
Nc5 9. Bc4 O-O 10. c3 dxc3 11. Nxc3 b5 12. Bd5 Bb7 13. a3 Rb8 14. b4 Ne6 15.
Ne4 Na7 16. Bb2 Bxd5 17. Qxd5 Nc6 18. Rfd1 Qc8 19. Nf6+ Bxf6 20. exf6 g6 21.
Qd2 Kh8 22. Qh6 Rg8 23. Rd3 Qf8 24. Ng5 Nxg5 25. Qxg5 h5 26. Rxd7 Nd8 27. Re1
Kh7 28. Bc1 Rh8 29. Re8 Ne6 30. Rxf7+ Qxf7 31. Qh6#
1-0

[Event "Fagernes Chess International 2014"]
[Site "Fagernes"]
[Date "2014.04.13"]
[Round "6"]
[White "Løbersli, Henrik Øie"]
[Black "Theting, Helge E."]
[Result "1/2-1/2"]
[WhiteElo "1857"]
[BlackElo "1943"]
[PlyCount "59"]
[EventDate "2014.??.??"]

1. d4 g6 2. c4 Bg7 3. g3 d6 4. Nf3 Nd7 5. Bg2 e5 6. e4 Ne7 7. O-O O-O 8. Nc3
exd4 9. Nxd4 Nc6 10. Nxc6 bxc6 11. Qc2 Ne5 12. b3 Rb8 13. h3 f5 14. f4 Nf7 15.
Bb2 Nh6 16. Kh2 Be6 17. Rad1 fxe4 18. Nxe4 Bxb2 19. Ng5 Bd7 20. Qxb2 Qf6 21.
Qa3 Rbe8 22. Qxa7 Re2 23. Qxc7 Qf5 24. Qxd6 Qc2 25. Rg1 Bxh3 26. Kxh3 Qf5+ 27.
Kh2 Ng4+ 28. Kh1 Nf2+ 29. Kh2 Ng4+ 30. Kh1
1/2-1/2

[Event "Fagernes Chess International 2014"]
[Site "Fagernes"]
[Date "2014.04.13"]
[Round "6"]
[White "Ayzenberg, Alena"]
[Black "Skrede, Snorre"]
[Result "1-0"]
[WhiteElo "1929"]
[BlackElo "1729"]
[PlyCount "85"]
[EventDate "2014.??.??"]

1. d4 d5 2. c4 e6 3. Nf3 Nf6 4. g3 Be7 5. Bg2 O-O 6. O-O dxc4 7. Qc2 a6 8. Qxc4
b5 9. Qc2 Bb7 10. Bd2 Ra7 11. Be3 Be4 12. Qc1 Nd5 13. Nc3 Nxe3 14. Qxe3 Bxf3
15. Bxf3 Nd7 16. Bc6 Nb6 17. d5 exd5 18. Nxd5 Bd6 19. Rfd1 Qb8 20. Ne7+ Bxe7
21. Qxe7 Nc8 22. Qc5 Nd6 23. b3 a5 24. Rac1 g6 25. e4 b4 26. e5 Nc8 27. e6 fxe6
28. Qe5 Nd6 29. Qxe6+ Nf7 30. h4 Qc8 31. Bd7 Qa8 32. Rc6 a4 33. Rdc1 axb3 34.
axb3 Ra2 35. h5 gxh5 36. R6c5 Kg7 37. Bc6 Qa7 38. Qe3 Rd8 39. Bd5 Rd7 40. Bxf7
Rxf7 41. Qg5+ Kf8 42. Qd8+ Kg7 43. Rg5+
1-0